| 000 | | | 06491cmc2a2200000#x 450 |
| 001 | | | 1fb0728d16304f2897302c510f4eb809 |
| 005 | | | 20180110174120.0 |
| 100 | ## | $a | 20130919l19021909k y0rusy0189 ca |
| 101 | 0# | $a | rus |
| 102 | ## | $a | RU |
| 225 | 0# | $a | Фонд Совет министров (1905-1917) |
| | $h | Опись № 3 |
| | $i | 1907 г. |
| 327 | ## | $a | В деле также: Сказание о преподобном Трифоне, печенгском чудотворце, просветителе лопырей и об основании им обители / составил И. Ф. Корольков. Издание третье дополненное. Санкт-Петербург : типография М. И. Акинфеева и И. В. Леонтьева, 1902 |
| 324 | ## | $a | Пленка |
| 801 | #0 | $a | RU |
| | $b | РГИА |
| | $c | 20130919 |
| 801 | #1 | $a | RU |
| | $b | ГлавНИВЦ |
| | $c | 20130919 |
| | $2 | rusmarc |
| 801 | #2 | $a | RU |
| | $b | ПБ им. Б.Н. Ельцина |
| | $c | 20130919 |
| | $g | RCR |
| | $2 | rusmarc |
| 850 | ## | $a | Федеральное казенное учреждение "Российский государственный исторический архив" (РГИА) |
| 852 | ## | $a | РГИА |
| | $j | 446 |
| 937 | ## | $a | ASBIBLIO_SCAN |
| | $b | РГИА_1276:_3:_446: |
| | $d | 1223087 |
| | $h | РГИА |
| 200 | 1# | $a | О сооружении грунтовой дороги от Трифоно-Печенгского монастыря до озера Чалмозеро в Архангельской губернии на границе с Норвегией. Записки архангельского губернатора И. В. Сосновского о природных богатствах Мурмана, о переселенческом движении на Мурмане и об устройстве Комь-Юшкозерской грунтовой дороги (лл. 31-42) |
| | $j | [1902-1909] |
| 215 | ## | $a | 64 листа |
| 035 | ## | $a | 1fb0728d16304f2897302c510f4eb809 |
| 122 | 1# | $a | d1902###### |
| | $a | d19071210## |
| | $a | d19091030## |
| | $a | d19091205## |
| | $a | d19091218## |
| 251 | ## | $c | Дело |
| 461 | #0 | $1 | 001c7912e80-a322-4844-9992-beca65726c82 |
| | $1 | 2001 |
| | $a | Совет министров (1905-1917) |
| | $1 | 251 |
| | $c | Фонд |
| | $1 | 852 |
| | $j | 1276 |
| 462 | #0 | $1 | 001985cc857-077a-4fbd-972e-a2a21e99c3ab |
| | $1 | 2001 |
| | $a | 1907 г. |
| | $v | Д. 446 |
| | $1 | 251 |
| | $c | Опись |
| | $1 | 852 |
| | $j | 3 |
| 605 | ## | $2 | acquisition_Prlib |
| | $3 | DITM\AF\0000003834 |
| | $a | Народ |
| | $l | коллекция |
| 605 | ## | $a | Территория |
| | $l | коллекция |
| | $2 | acquisition_Prlib |
| | $3 | DITM\AF\0000004675 |
| 605 | ## | $2 | acquisition_Prlib |
| | $3 | LIBNET\UAF\0000058229 |
| | $a | Территория России: Мурманская область |
| | $l | коллекция |
| 605 | ## | $2 | acquisition_Prlib |
| | $3 | LIBNET\UAF\0000058230 |
| | $a | Мурманская область: страницы истории |
| | $l | коллекция |
| 600 | #0 | $a | Трифон Печенгский |
| | $c | святой |
| | $f | 1495 - 1583 |
| | $2 | nlr_sh |
| | $3 | RU\NLR\AUTH\661447597 |
| | $j | Документы и материалы |
| 601 | 02 | $a | Трифоно-Печенгский монастырь |
| | $2 | nlr_sh |
| | $3 | RU\NLR\AUTH\661286465 |
| | $j | Документы и материалы |
| 617 | ## | $2 | prlib_sh |
| | $c | Мурманская область |
| 617 | ## | $2 | prlib_sh |
| | $c | Архангельская губерния |
| 686 | ## | $a | 86.372.24-647ю1 |
| | $v | LBC/M |
| | $2 | rubbk |
| 686 | ## | $a | 63.3(28-8Арх)5-2ю1 |
| | $v | LBC/M |
| | $2 | rubbk |
| 606 | 1# | $a | Колонизация |
| | $j | Документы и материалы |
| | $2 | prlib_sh |
| | $3 | LIBNET\UAF\0000071368 |
| | $y | Кольский полуостров (Северо-Запад Европейской части РФ) |